[Event "11. OSEM SH"]
[Site "Büsum"]
[Date "2017.09.09"]
[Round "2.28"]
[White "Lehr, Thomas"]
[Black "Leiber, Bernard"]
[Result "0-1"]
[BlackElo "2074"]
[BlackTeam "SV Osnabrück"]
[WhiteElo "1922"]
[WhiteTeam "Husumer SV"]

1. e4 c5 2. c3 e6 3. d4 d5 4. e5 Nc6 5. Nf3 Qb6 6. a3 a5 7. b3 Bd7 8. Bb2 Nh6 9.
Nbd2 cxd4 10. cxd4 Nf5 11. Nb1 h5 12. g3 h4 13. gxh4 Nfe7 14. Bd3 Ng6 15. Bxg6
fxg6 16. Qd3 Ne7 17. a4 Qa6 18. Qxa6 Rxa6 19. O-O  Nc6 20. Na3 Be7 21. h3
O-O  22. Kg2 Rb6 23. Nb5 Nb4 24. Nd6 Nd3 25. Bc1 Rxb3  0-1

[Event "11. OSEM SH"]
[Site "Büsum"]
[Date "2017.09.09"]
[Round "2.29"]
[White "Bohnstorff, Michael"]
[Black "Van Dongen, Rob"]
[Result "1-0"]
[BlackElo "1907"]
[BlackTeam "VAS Amsterdam"]
[WhiteElo "2065"]
[WhiteTeam "SC Lüneburg"]

1. d4 d5 2. c3 Nf6 3. Nf3 c6 4. Bf4 Bf5 5. e3 e6 6. Qb3 Qb6 7. Nbd2 Nbd7 8. Nh4
Bg6 9. Nxg6 hxg6 10. h3 Be7 11. Be2 Ne4 12. Nxe4 Qxb3 13. axb3 dxe4 14. b4 g5
15. Bg3 Nf6 16. O-O  O-O  17. f3 exf3 18. Bxf3 Nd5 19. e4 Ne3 20. Rf2
f5 21. exf5 exf5 22. Re2 f4 23. Bf2 Nf5 24. Bg4 Bd6 25. Ra5 g6 26. Re6 Bc7 27.
Rxg6+ Kh7 28. Rxg5 Bxa5 29. Bxf5+ Kh6 30. Rg6+ Kh5 31. Bd3 Bd8 32. Rg7 Rh8 33.
Rxb7 Bh4 34. Be4 a5 35. b5 Bg3 36. bxc6 a4 37. c7 Kh4 38. Rb6 Rae8 39. Bf3 Rc8
40. Rc6 Rh7 41. Rg6 Bxf2+ 42. Kxf2 Rcxc7 43. Rg4+ Kh5 44. Rxf4+ Kg5 45. Rg4+
Kf6 46. d5 Rb7 47. Rxa4 Rxb2+ 48. Ke3 Re7+ 49. Kd3 Rc7 50. Ra6+ Kf7 51. c4 Rb3+
52. Kd4 Rb4 53. Rc6  1-0

[Event "11. OSEM SH"]
[Site "Büsum"]
[Date "2017.09.09"]
[Round "2.30"]
[White "Fleischer, Martin"]
[Black "Lomer, Edmund"]
[Result "1/2-1/2"]
[BlackElo "2065"]
[BlackTeam "Eckernförder SC"]
[WhiteElo "1919"]
[WhiteTeam "SV Einheit Schwerin"]

1. e4 d5 2. exd5 Qxd5 3. Nf3 Nf6 4. d4 c6 5. c4 Qa5+ 6. Bd2 Qb6 7. Qc2 g6 8. Bd3
Bg7 9. Nc3 O-O  10. h3 Na6 11. a3 c5 12. Be3 cxd4 13. Bxd4 Qe6+ 14. Qe2 Rd8
15. O-O  Qxe2 16. Bxe2 b6 17. Rad1 Bb7 18. Rfe1 Rac8 19. Nb5 Bxf3 20. gxf3
Nh5 21. Bxg7 Kxg7 22. Nxa7 Rxd1 23. Rxd1 Rc5 24. Rd4 Rc7 25. Nb5 Rc5 26. f4 Nf6
27. b4 Rc8 28. Bf3 Nc7 29. Nxc7 Rxc7 30. a4 Ra7 31. Bc6 Rc7 32. Bb5 Nh5 33. a5
bxa5 34. bxa5 Nf6 35. a6 e6 36. f3 Kf8 37. Rd1 Ke7 38. Ra1 Ra7 39. Kf2 Kd6 40.
Rd1+ Kc5 41. Rd8 Nd5 42. Rc8+ Nc7 43. Ke3 f6 44. Ke4 h6 45. h4 h5 46. Rf8 Nxb5
47. cxb5 Kxb5 48. Rxf6 Rxa6 49. Rxg6 Kc5 50. Rg5+ Kd6 51. Rxh5 Ra4+ 52. Ke3 Ke7
53. Rg5 Kf6 54. Rg4 Ra2 55. h5 Rh2 56. Rg6+ Kf5 57. Rg5+ Kf6 58. Ke4 Re2+ 59.
Kd4 Rd2+ 60. Kc5 Rd3  1/2-1/2

[Event "11. OSEM SH"]
[Site "Büsum"]
[Date "2017.09.09"]
[Round "2.31"]
[White "Muuss, Klaus"]
[Black "Bendisch, Jürgen, Dr."]
[Result "1-0"]
[BlackElo "1903"]
[BlackTeam "SV Hennef"]
[WhiteElo "2064"]
[WhiteTeam "VSF Flintbek"]

1. e4 c5 2. Nf3 e6 3. d4 cxd4 4. Nxd4 a6 5. Bd3 Bc5 6. Nb3 Ba7 7. O-O  Ne7
8. Kh1 Nbc6 9. N1d2 O-O  10. f4 f5 11. Nf3 Nb4 12. Bd2 Nxd3 13. cxd3 b5 14.
Qe2 Bb7 15. Na5 Rb8 16. Nxb7 Rxb7 17. Rac1 Qb6 18. Bb4 d6 19. Ng5 a5 20. Bc3 d5
21. exd5 Nxd5 22. Qxe6+ Qxe6  23. Nxe6 Re8 24. Ng5 b4 25. Be5 h6 26. Nh3
Kf7 27. d4 Nb6 28. g3 g6 29. Rc6 Re6 30. Rfc1 Rxc6 31. Rxc6 Nd7 32. Kg2 Nxe5
33. dxe5 Bd4 34. b3 Rb6 35. Rxb6 Bxb6 36. Ng1 Ke6 37. Nf3 Bd8 38. Kf2 Be7 39.
Ke2 Bc5 40. Kd3 Kd5 41. h3 Bf2 42. g4 fxg4 43. hxg4 h5 44. f5 hxg4 45. fxg6 
1-0

[Event "11. OSEM SH"]
[Site "Büsum"]
[Date "2017.09.09"]
[Round "2.32"]
[White "Walther, Reinhard"]
[Black "Hansch, Klaus-Michael"]
[Result "1/2-1/2"]
[BlackElo "1893"]
[BlackTeam "SC Weisse Dame (Berlin)"]
[WhiteElo "2051"]
[WhiteTeam "SK Herzogenaurach"]

1. d4 Nf6 2. Bf4 d5 3. e3 Bf5 4. h3 e6 5. Nf3 h6 6. Nbd2 Nbd7 7. g4 Bh7 8. Ne5
Nxe5 9. Bxe5 Bd6 10. Nf3 Bxe5 11. Nxe5 Nd7 12. Bd3 Bxd3 13. Nxd3 Qe7 14. Qe2
Qd6 15. O-O-O O-O-O 16. Kb1 Kb8 17. Rc1 c5 18. dxc5 Nxc5 19. Rhd1 Nxd3 20. Rxd3
Qe7 21. Rcd1 Qf6 22. Rd4 Rc8 23. Rf4 Qe7 24. e4 dxe4 25. Rxe4 Qc7 26. b3 Rhd8
27. Red4 Rxd4 28. Rxd4 e5 29. Rd5 f6 30. Qd3 Qc3 31. f3 Qxd3 32. Rxd3 Kc7 
1/2-1/2

[Event "11. OSEM SH"]
[Site "Büsum"]
[Date "2017.09.09"]
[Round "2.33"]
[White "Kotlar, Alfred"]
[Black "Schumacher, Helmut"]
[Result "1-0"]
[BlackElo "1890"]
[BlackTeam "DJK Aufwärts Aachen"]
[WhiteElo "2041"]
[WhiteTeam "SC Recklinghausen Altstadt"]

1. d4 d5 2. Nf3 c6 3. Bf4 Bf5 4. Nbd2 e6 5. c3 Bd6 6. Bg5 Qb6 7. Qb3 Nd7 8. e3
h6 9. Bh4 Ngf6 10. Be2 O-O  11. O-O  Rfe8 12. Rfe1 c5 13. dxc5 Qxb3 14.
axb3 Bxc5 15. b4 Bd6 16. Nd4 g5 17. Nb5 Bb8 18. Bg3 e5 19. f3 Nb6 20. Bf2 e4
21. Bg3 exf3 22. Bxb8 Raxb8 23. Bxf3 a6 24. Nd6 Re5 25. Nxf5 Rxf5 26. e4 dxe4
27. Nxe4 Ne8 28. Nc5 Nd6 29. Rad1 Rf6 30. b3 Kg7 31. c4 Rg6 32. h3 Nbc8 33. Rd3
f5 34. Bxb7 Rxb7 35. Nxb7 Nxb7 36. Rd7+ Kf6 37. Rxb7 g4 38. hxg4 Rxg4 39. Rb8
Rg8 40. Ra1 Ke5 41. Rxa6 Ne7 42. Rxg8 Nxg8 43. b5 Kd4 44. b6  1-0

[Event "11. OSEM SH"]
[Site "Büsum"]
[Date "2017.09.09"]
[Round "2.34"]
[White "Gerhards, Walter"]
[Black "Villing, Dieter"]
[Result "0-1"]
[BlackElo "2040"]
[BlackTeam "SK Ludwigshafen"]
[WhiteElo "1916"]
[WhiteTeam "Ratinger SK"]

1. e4 d6 2. d4 Nf6 3. Nc3 c6 4. Be2 Qa5 5. Qd3 Na6 6. Nf3 Nb4 7. Qd2 Nxe4 8.
Nxe4 Nxc2+ 9. Kd1 Qxd2+ 10. Kxd2 Nxa1 11. Kc3 Be6 12. Be3 Bxa2 13. Rxa1 Bd5 14.
Ned2 g6 15. Bc4 Bg7 16. Ne1 O-O  17. f3 Rfe8 18. Nd3 e5 19. dxe5 dxe5 20.
Kc2 e4 21. fxe4 Bxc4 22. Nxc4 Rxe4 23. Nb6 Rae8  0-1

[Event "11. OSEM SH"]
[Site "Büsum"]
[Date "2017.09.09"]
[Round "2.35"]
[White "Kliewe, Hans-Jürgen"]
[Black "Johnen, Franz"]
[Result "1-0"]
[BlackElo "1713"]
[BlackTeam "SVG Alsdorf"]
[WhiteElo "2037"]
[WhiteTeam "ASV Wismar"]

1. d4 d5 2. Bf4 e6 3. e3 Nd7 4. Nf3 Ngf6 5. Be2 Be7 6. h3 O-O  7. O-O 
c5 8. c3 Qb6 9. Qc2 h6 10. a4 a6 11. Nbd2 Re8 12. Rfb1 Bd6 13. Ne5 Bxe5 14.
dxe5 Nh7 15. Nf3 f5 16. exf6  Nhxf6 17. Qg6 Nf8 18. Qc2 Bd7 19. Ne5 g5 20.
Bh2 Re7 21. Rf1 c4 22. Rfd1 Rc8 23. Rd4 Be8 24. f4 Rg7 25. Rf1 Ne4 26. fxg5
hxg5 27. Bxc4 Ng6 28. Bd3 Bc6 29. a5 Qa7 30. Bxe4 dxe4 31. Nxc6 bxc6 32. Qxe4
e5 33. Rd6 Rf8 34. Rxf8+ Nxf8 35. Bxe5 Re7 36. Qc4+ Kh7 37. Bd4 Qb8 38. Qxc6 
1-0

[Event "11. OSEM SH"]
[Site "Büsum"]
[Date "2017.09.09"]
[Round "2.36"]
[White "Heinzel, Peter"]
[Black "Prause, Dieter"]
[Result "1-0"]
[BlackElo "1793"]
[BlackTeam "vereinslos"]
[WhiteElo "2028"]
[WhiteTeam "SC Mülheim"]

1. b4 e5 2. Bb2 Bxb4 3. Bxe5 Nf6 4. Nf3 Nc6 5. Bb2 d5 6. e3 O-O  7. Be2 Bg4
8. O-O  Re8 9. h3 Bh5 10. d3 Bxf3 11. Bxf3 Ne5 12. Be2 c6 13. Nd2 Qe7 14.
Rb1 Bxd2 15. Qxd2 b6 16. Rfc1 Rac8 17. c4 dxc4 18. Bxe5 Qxe5 19. d4 Qe7 20.
Rxc4 Ne4 21. Qc1 c5 22. Bg4 Rcd8 23. Qb2 g6 24. Bf3 Nd6 25. Ra4 cxd4 26. Rxd4
Nf5 27. Re4 Qf8 28. Rxe8 Qxe8 29. Qa3 Qe7 30. Qb3 Nh4 31. Be2 Nf5 32. Bc4 Nd6
33. Bd5 Ne4 34. Rd1 Kg7 35. Rc1 Nc5 36. Qc3+ Qf6 37. Qc4 Rd7 38. e4 Qe5 39. Rf1
Nxe4 40. Bxe4 Rd4 41. Qa6 Rxe4 42. Qxa7 Qe6 43. Qc7 Re1 44. Qc3+ Re5 45. f4 
1-0

[Event "11. OSEM SH"]
[Site "Büsum"]
[Date "2017.09.09"]
[Round "2.37"]
[White "Meinke, Dietlind"]
[Black "Nordby, Bernt"]
[Result "0-1"]
[BlackElo "2027"]
[BlackTeam "Frederiksstad Schakselskap"]
[WhiteElo "1906"]
[WhiteTeam "MTV Leck"]

1. e4 e6 2. Nc3 d5 3. Nf3 Nf6 4. e5 Nfd7 5. d4 c5 6. dxc5 Nc6 7. Bf4 Bxc5 8. Bd3
f6 9. exf6 Nxf6 10. O-O  O-O  11. Na4 Bd6 12. Bxd6 Qxd6 13. c4 d4 14.
c5 Qf4 15. Qc1 Qg4 16. Re1 Bd7 17. h3 Qh5 18. Bc4 Rae8 19. Qd2 Kh8 20. b4 e5
21. b5 Nd8 22. Qg5 Qxg5 23. Nxg5 e4 24. f3 e3 25. f4 Ne4 26. Rad1 Nd2 27. Bd3
h6 28. Nf3 Nxf3+ 29. gxf3 Rxf4 30. Kg2 Re5 31. Be4 Rg5+ 32. Kf1 Bxb5+  0-1

[Event "11. OSEM SH"]
[Site "Büsum"]
[Date "2017.09.09"]
[Round "2.38"]
[White "Jürgens, Peter"]
[Black "Krebel, Christoph"]
[Result "1/2-1/2"]
[BlackElo "2021"]
[BlackTeam "SV Wesel"]
[WhiteElo "1893"]
[WhiteTeam "SC Tempo Göttingen"]

1. d4 d5 2. Bf4 c5 3. e3 Nc6 4. c3 Qb6 5. Qb3 c4 6. Qc2 Nf6 7. Nd2 Qd8 8. b3
cxb3 9. axb3 e6 10. Ngf3 Bd6 11. Bxd6 Qxd6 12. Be2 O-O  13. O-O  Bd7
14. Qb2 Rfc8 15. Rfc1 Rc7 16. c4 Rac8 17. c5 Qe7 18. b4 a6 19. b5 axb5 20. Bxb5
Re8 21. Bxc6 Bxc6 22. Ne5 Rcc8 23. h3 Ra8 24. Rxa8 Rxa8 25. Ra1 Qd8 26. Ra2 Nd7
 1/2-1/2

[Event "11. OSEM SH"]
[Site "Büsum"]
[Date "2017.09.09"]
[Round "2.39"]
[White "Josting, Friedel"]
[Black "Limberg, Siegfried"]
[Result "0-1"]
[BlackElo "2019"]
[BlackTeam "SF Taunus"]
[WhiteElo "1884"]
[WhiteTeam "SG Bünde"]

1. d4 Nf6 2. Bf4 d6 3. e3 g6 4. Nf3 Bg7 5. Be2 O-O  6. O-O  c6 7. Nbd2
Nbd7 8. h3 Re8 9. c3 e5 10. Bg3 e4 11. Nh2 Nf8 12. Nc4 d5 13. Ne5 N6d7 14. f4
exf3 15. Nhxf3 Nxe5 16. dxe5 Qb6 17. Qd4 Qxb2 18. Rae1 Ne6 19. Qd2 Qxd2 20.
Nxd2 Nc5 21. c4 Bxe5 22. Bxe5 Rxe5 23. cxd5 Rxd5 24. Nf3 Be6 25. Nd4 Rd7 26.
Rc1 Ne4 27. Nxe6 fxe6 28. Bc4 Re7 29. Rcd1 Rf8 30. Rxf8+ Kxf8 31. Rd4 Nf6 32.
Rd6 Kf7 33. Kf1 Ne8 34. Rd4 Kf6 35. Ke2 Ke5 36. Bb3 Nd6 37. g4 g5 38. Kd3 b5
39. Ke2 c5 40. Rd1 Rf7 41. a4 c4 42. Bc2 b4 43. Rd4 a5 44. Rd1 b3 45. Bb1 c3
46. Bd3 c2 47. Re1 Rc7 48. Kd2 Ne4+ 49. Kc1 Nf2 50. Bf1 Rd7 51. Be2 Nd3+ 52.
Bxd3 Rxd3 53. e4 Rd4  0-1

[Event "11. OSEM SH"]
[Site "Büsum"]
[Date "2017.09.09"]
[Round "2.40"]
[White "Eberhardt, Michael"]
[Black "Rahls, Peter"]
[Result "0-1"]
[BlackElo "2151"]
[BlackTeam "SK Zehlendorf"]
[WhiteElo "1763"]
[WhiteTeam "SC Agon Neumünster"]

1. Nf3 d5 2. c4 d4 3. b4 e6 4. a3 c5 5. bxc5 Nc6 6. g3 Bxc5 7. Bg2 Nf6 8. d3 e5
9. Nbd2 O-O  10. O-O  h6 11. Nb3 Bb6 12. Qc2 Re8 13. c5 Bc7 14. e3 dxe3
15. fxe3 Bf5 16. Ne1 Qd7 17. e4 Be6 18. Rxf6 gxf6 19. Bxh6 Bxb3 20. Qf2 Be6 21.
Nf3 Bg4 22. Rf1 Bd8 23. Qd2 Be7 24. Kh1 Rad8 25. Ne1 Nd4 26. Qe3 Kh7 27. Nf3
Bxf3 28. Bxf3 Qh3 29. Bf4 Qxf1+  0-1

[Event "11. OSEM SH"]
[Site "Büsum"]
[Date "2017.09.09"]
[Round "2.41"]
[White "Kienel, Norbert"]
[Black "Paus, Franz"]
[Result "0-1"]
[BlackElo "2145"]
[BlackTeam "SC Bayer Uerdingen"]
[WhiteElo "1837"]
[WhiteTeam "SV Osnabrück"]

1. d4 Nf6 2. c4 g6 3. Nc3 Bg7 4. e4 d6 5. h3 O-O  6. Nf3 Nbd7 7. Be3 e5 8.
d5 Nc5 9. Qc2 a5 10. Be2 b6 11. O-O  Nh5 12. a3 f5 13. b4 Nxe4 14. Nxe4
fxe4 15. Nd2 Nf4 16. Nxe4 Bf5 17. Bg4 Qh4 18. g3 Nxh3+ 19. Kh2 Qxg4 20. f3 Bxe4
21. Qxe4 Qh5 22. g4 Qh4 23. Rh1 Nf4+ 24. Kg1 Qg3+  0-1

[Event "11. OSEM SH"]
[Site "Büsum"]
[Date "2017.09.09"]
[Round "2.42"]
[White "Falk, Thomas"]
[Black "Graffenberger, Wilhelm"]
[Result "1-0"]
[BlackElo "1651"]
[BlackTeam "Hamburger SK"]
[WhiteElo "2107"]
[WhiteTeam "SV Oberursel"]

1. Nf3 c5 2. c4 g6 3. d4 Bg7 4. e4 cxd4 5. Nxd4 Nc6 6. Be3 d6 7. Nc3 Nf6 8. Be2
O-O  9. O-O  Bd7 10. Qd2 Re8 11. f3 a6 12. Rac1 Nxd4 13. Bxd4 e5 14.
Be3 Bc6 15. Rfd1 Re6 16. c5 Ne8 17. Bc4 Re7 18. Nd5 Rd7 19. Nb6 Rc8 20. Nxd7
Bxd7 21. cxd6 b5 22. Bb3 Rxc1 23. Qxc1 Bf8 24. Qc5 Qf6 25. Qa7 Qd8 26. Qxa6 Bc8
27. Qxb5 Nxd6 28. Qxe5  1-0

[Event "11. OSEM SH"]
[Site "Büsum"]
[Date "2017.09.09"]
[Round "2.43"]
[White "Kolkwitz, Klaus"]
[Black "Niebling, Ferdinand"]
[Result "0-1"]
[BlackElo "2059"]
[BlackTeam "SC Frankfurt-West"]
[WhiteElo "1836"]
[WhiteTeam "ESV Eberswalde"]

1. d4 f5 2. Bf4 d6 3. e3 Nf6 4. Nf3 g6 5. h3 Bg7 6. c3 c6 7. Bd3 O-O  8.
Nbd2 Kh8 9. Qc2 Qe8 10. g4 Na6 11. gxf5 Bxf5 12. e4 Nh5 13. Be3 Bd7 14. O-O-O
Nf4 15. Bxf4 Rxf4 16. Rdg1 Qf7 17. Ng5 Qxa2 18. Nb3 Raf8 19. Rh2 c5 20. Bxa6
bxa6 21. dxc5 Ba4 22. cxd6 exd6  0-1

[Event "11. OSEM SH"]
[Site "Büsum"]
[Date "2017.09.09"]
[Round "2.44"]
[White "Hülle, Gunter"]
[Black "Mikolajewski, Armin"]
[Result "1/2-1/2"]
[BlackElo "2047"]
[BlackTeam "Naumburger SV"]
[WhiteElo "1794"]
[WhiteTeam "SV Springer Leipzig"]

1. b4 e5 2. Bb2 Bxb4 3. Bxe5 Nf6 4. a3 Be7 5. c4 O-O  6. Nf3 Nc6 7. Bb2 d6
8. e3 h6 9. Be2 Bf5 10. O-O  Re8 11. d4 Bf8 12. Bd3 Bxd3 13. Qxd3 Ne4 14.
Nbd2  1/2-1/2

[Event "11. OSEM SH"]
[Site "Büsum"]
[Date "2017.09.09"]
[Round "2.45"]
[White "Reinke, Kurt"]
[Black "Reinhold, Klaus, Dr."]
[Result "1-0"]
[BlackElo "2008"]
[BlackTeam "SC Gronau"]
[WhiteElo "1793"]
[WhiteTeam "SG Benrath"]

1. d4 d5 2. c4 c6 3. Nf3 Nf6 4. Nc3 dxc4 5. e4 b5 6. e5 Nd5 7. a4 e6 8. axb5
Nxc3 9. bxc3 cxb5 10. Ng5 Bb7 11. Qh5 g6 12. Qg4 Be7 13. h4 h6 14. Ne4 Qd5 15.
f3 a5 16. Be2 Nd7 17. O-O  b4 18. Nd2 Nb6 19. Bb2 Ba6 20. f4 h5 21. Qg3 Bb7
22. Bf3 Qd7 23. Ne4 Nd5 24. Rfe1 Qd8 25. Nd6+ Bxd6 26. exd6 Qxd6 27. Re5 Bc6
28. Qg5 Nxc3 29. Bxc6+ Qxc6 30. Bxc3 bxc3 31. Qf6 O-O 32. f5 Kh7 33. Rae1 Qe8
34. R5e4 Qd8 35. fxg6+ fxg6 36. Qxe6 Qf6 37. Qxc4 Qf2+ 38. Kh2 Rac8 39. Qa6 c2
40. Rc1 Qf1 41. Rxf1 Rxf1 42. Qxf1 c1=Q 43. Re1 Qc4 44. Re7+ Kg8 45. Qf6  1-0

[Event "11. OSEM SH"]
[Site "Büsum"]
[Date "2017.09.09"]
[Round "2.46"]
[White "Dachrodt, Heinz-Günther"]
[Black "Engbrecht, Helmut"]
[Result "0-1"]
[BlackElo "1981"]
[BlackTeam "SV Schorndorf"]
[WhiteElo "1734"]
[WhiteTeam "Sport Union Annen"]

1. e4 e5 2. Nf3 Nc6 3. Bb5 Nf6 4. O-O  d6 5. Bxc6+ bxc6 6. d4 exd4 7. Nxd4
c5 8. Nf3 Bb7 9. e5 Ne4 10. exd6 Bxd6 11. Nbd2 O-O  12. Nxe4 Bxe4 13. Re1
h6 14. Bf4 Re8 15. Bxd6 cxd6 16. Nd2 Bc6 17. Rxe8+ Qxe8 18. Qe1 Bd5 19. c4 Bb7
20. Qxe8+ Rxe8 21. Kf1 a5 22. Re1 Bxg2+ 23. Kxg2 Rxe1 24. Kf3 f5 25. Nb3 Rb1
26. Nxa5 Rxb2 27. a3 Rb6 28. Kf4 g6 29. h4 Kf7 30. Ke3 Ra6  0-1

[Event "11. OSEM SH"]
[Site "Büsum"]
[Date "2017.09.09"]
[Round "2.47"]
[White "Armbrüster, Jürgen"]
[Black "Welsch, Dieter Sen."]
[Result "1-0"]
[BlackElo "1823"]
[BlackTeam "SC Cochem"]
[WhiteElo "1961"]
[WhiteTeam "SF Katernberg"]

1. e4 e5 2. Nf3 Nc6 3. Bb5 Nf6 4. O-O  d6 5. Re1 Bg4 6. h3 Bh5 7. c3 Be7 8.
d4 O-O  9. Bxc6 bxc6 10. dxe5 Bxf3 11. Qxf3 dxe5 12. Nd2 Qd7 13. Nc4 Qe6
14. b3 Nd7 15. Be3 Nb6 16. Nb2 Ba3 17. Nd3 Bd6 18. Rad1 f5 19. exf5 Rxf5 20.
Qxc6 Raf8 21. Nc5 Qg6 22. Ne4 Nc8 23. Ng3 R5f7 24. Qe4 Qf6 25. c4 Qe7 26. Rd5
c6 27. Rd3 Bb4 28. Red1 Qc7 29. c5 a5 30. Qc4 Kh8 31. Ne4 h6 32. Nd6 Rf6 33.
Qe4 Ne7 34. Nc4 Nd5 35. Qxe5 Qa7 36. Rxd5 cxd5 37. Rxd5 Rf5 38. Qd6 R5f6 39.
Qe5 Rf5 40. Qe6 Rxd5 41. Qxd5 Qc7 42. a3 Rd8 43. Nd6 Rxd6 44. Qxd6 Qxd6 45.
cxd6 Bxd6 46. Bb6 Bxa3 47. Bxa5 Bc5 48. b4 Bd4 49. Bc7  1-0

[Event "11.offene Senioren SH 2017"]
[Site "Büsum"]
[Date "2017.09.09"]
[Round "2.48"]
[White "Zechel, Rolf-Rüdiger"]
[Black "Piastowski, Kurt"]
[Result "1/2-1/2"]
[WhiteElo "1694"]
[BlackElo "1940"]
[PlyCount "25"]
[EventDate "2017.??.??"]
[WhiteTeam "SK Kaltenkirchen"]
[BlackTeam "Brühler SK"]

1. d4 d5 2. Bf4 Nf6 3. e3 Bf5 4. Nf3 e6 5. c4 Bxb1 6. Rxb1 Bb4+ 7. Ke2 Bd6 8.
Bg3 Bxg3 9. hxg3 c6 10. Qc2 Nbd7 11. Ke1 Qe7 12. b4 g6 13. Be2 1/2-1/2

[Event "11.offene Senioren SH 2017"]
[Site "Büsum"]
[Date "2017.09.09"]
[Round "2.49"]
[White "Kühnen, Gerhard"]
[Black "Baerthel, Klaus"]
[Result "1/2-1/2"]
[WhiteElo "1639"]
[BlackElo "1938"]
[PlyCount "25"]
[EventDate "2017.??.??"]
[WhiteTeam "Flensburger SK"]
[BlackTeam "Naumburger SV"]

1. d4 Nf6 2. e3 g6 3. f4 Bg7 4. c3 d5 5. Bd3 Nbd7 6. Nf3 e6 7. O-O O-O 8. Nbd2
c5 9. b3 b6 10. Ne5 Bb7 11. Ndf3 Rc8 12. Bd2 Ne4 13. Be1 1/2-1/2

[Event "11.offene Senioren SH 2017"]
[Site "Büsum"]
[Date "2017.09.09"]
[Round "2.50"]
[White "Schwetje, Siegfried"]
[Black "Horn, Wilfried"]
[Result "1-0"]
[WhiteElo "1930"]
[BlackElo "1412"]
[PlyCount "49"]
[EventDate "2017.??.??"]
[WhiteTeam "SC Bad Salzdetfurth"]
[BlackTeam "SV Bad Schwartau"]

1. d4 d5 2. c4 Nf6 3. Nf3 a6 4. cxd5 Qxd5 5. Nc3 Qd8 6. Bg5 Nbd7 7. e3 c6 8.
Bd3 e6 9. O-O Bd6 10. Ne4 Be7 11. Qc2 h6 12. Nxf6+ Bxf6 13. Bxf6 Nxf6 14. Ne5
Nd7 15. Rfd1 Qf6 16. Nc4 Qe7 17. Rac1 b6 18. Nxb6 Bb7 19. Nxa8 Bxa8 20. Bxa6
Qg5 21. Bf1 O-O 22. f4 Qd5 23. b3 f5 24. g3 Nf6 25. Bg2 1-0

[Event "11.offene Senioren SH 2017"]
[Site "Büsum"]
[Date "2017.09.09"]
[Round "2.51"]
[White "Aigner, Georg"]
[Black "Baumast, Bernd"]
[Result "1/2-1/2"]
[WhiteElo "1898"]
[BlackElo "1583"]
[PlyCount "59"]
[EventDate "2017.??.??"]
[WhiteTeam "SC Taufkirchen"]
[BlackTeam "SV Bad Oldesloe"]

1. e4 e6 2. d4 d5 3. Nd2 Nc6 4. Ne2 Nf6 5. e5 Nd7 6. Nf3 Be7 7. Nf4 O-O 8. Bd3
Nb4 9. Be2 c5 10. c3 Nc6 11. O-O c4 12. b3 b5 13. Bd2 a5 14. Rb1 Re8 15. Qc2
Nf8 16. bxc4 bxc4 17. a4 Bd7 18. Rb2 Rb8 19. Rfb1 Qc7 20. Bd1 Rxb2 21. Rxb2 Rb8
22. Ne2 Rxb2 23. Qxb2 Qb8 24. Qc2 Ba3 25. Bc1 Bxc1 26. Qxc1 Ne7 27. h4 Nc8 28.
Bc2 Nb6 29. Qa3 Qe8 30. Qc5 1/2-1/2

[Event "11.offene Senioren SH 2017"]
[Site "Büsum"]
[Date "2017.09.09"]
[Round "2.52"]
[White "Lachat, Martin"]
[Black "Erhart, Uwe"]
[Result "1/2-1/2"]
[WhiteElo "1636"]
[BlackElo "2035"]
[PlyCount "29"]
[EventDate "2017.??.??"]
[WhiteTeam "ASK Réti Zürich"]
[BlackTeam "Raisdorfer SG"]

1. c4 c5 2. Nc3 Nf6 3. Nf3 g6 4. g3 Bg7 5. Bg2 O-O 6. O-O Nc6 7. d4 cxd4 8.
Nxd4 Nxd4 9. Qxd4 d6 10. Qd1 Rb8 11. b3 Bf5 12. Bb2 Qd7 13. Qd2 Bh3 14. Rad1
Bxg2 15. Kxg2 1/2-1/2

[Event "11.offene Senioren SH 2017"]
[Site "Büsum"]
[Date "2017.09.09"]
[Round "2.54"]
[White "Plewka, Manfred"]
[Black "Riha, Peter"]
[Result "1-0"]
[WhiteElo "1925"]
[BlackElo "1736"]
[PlyCount "43"]
[EventDate "2017.??.??"]
[WhiteTeam "SV Rendsburg"]
[BlackTeam "Schleswiger SV"]

1. e4 e5 2. Nf3 Nc6 3. Bc4 Nf6 4. d3 Be7 5. h3 O-O 6. O-O d6 7. Be3 Na5 8. Bb3
Nxb3 9. axb3 Kh8 10. c4 Ng8 11. Nc3 f5 12. exf5 Bxf5 13. Ne4 Nf6 14. Ng3 Bd7
15. d4 exd4 16. Bxd4 Bc6 17. Ng5 Qd7 18. Re1 a6 19. Qc2 g6 20. Qc3 Kg8 21. Rxe7
Qxe7 22. Re1 1-0

[Event "11.offene Senioren SH 2017"]
[Site "Büsum"]
[Date "2017.09.09"]
[Round "2.55"]
[White "Klügel, Jan"]
[Black "Kronseder, Michael"]
[Result "1/2-1/2"]
[WhiteElo "1884"]
[BlackElo "1724"]
[PlyCount "116"]
[EventDate "2017.??.??"]
[WhiteTeam "SV Rendsburg"]
[BlackTeam "SV Hürth-Berrenrath"]

1. Nf3 Nf6 2. c3 c6 3. d4 d6 4. Bf4 Nbd7 5. e3 Qc7 6. h3 e5 7. Bh2 Be7 8. Nbd2
O-O 9. Bd3 Nd5 10. Qc2 g6 11. e4 Nf4 12. Bxf4 exf4 13. O-O Nf6 14. e5 Nh5 15.
exd6 Bxd6 16. Ne4 Bf5 17. Rad1 Bxe4 18. Bxe4 f5 19. Bd3 Rae8 20. Rde1 Nf6 21.
Ng5 Qd7 22. Bc4+ Nd5 23. Qb3 Bb8 24. Qc2 Rxe1 25. Rxe1 Re8 26. Qd2 Kg7 27. Re2
h6 28. Nf3 Rxe2 29. Qxe2 Qe7 30. Kf1 Qxe2+ 31. Kxe2 Nf6 32. Be6 Ne4 33. Bc8 Nd6
34. Be6 Kf6 35. Bb3 Ne4 36. d5 Bd6 37. Nd4 Bc5 38. dxc6 bxc6 39. f3 Bxd4 40.
cxd4 Nd6 41. Ba4 Nb5 42. Bxb5 cxb5 43. h4 Ke6 44. Kd2 b4 45. a3 a5 46. axb4
axb4 47. Kc2 Kd5 48. Kb3 g5 49. h5 g4 50. Kxb4 Kxd4 51. Ka5 Ke3 52. b4 Kf2 53.
b5 Kxg2 54. b6 gxf3 55. b7 f2 56. b8=Q f1=Q 57. Qg8+ Kf2 58. Qg6 Qe1+ 1/2-1/2

[Event "11.offene Senioren SH 2017"]
[Site "Büsum"]
[Date "2017.09.09"]
[Round "2.56"]
[White "Flockerzi, Armin"]
[Black "Nickel, Jürgen"]
[Result "1-0"]
[WhiteElo "1758"]
[BlackElo "1882"]
[PlyCount "79"]
[EventDate "2017.??.??"]
[WhiteTeam "VfR-SC Koblenz"]
[BlackTeam "Flensburger SK"]

1. Nf3 d5 2. d4 e6 3. e3 c6 4. Nbd2 f5 5. c4 Nf6 6. a3 a5 7. cxd5 exd5 8. Bd3
Bd6 9. Qc2 Ne4 10. g3 O-O 11. O-O Nd7 12. Nh4 g5 13. Ng2 Ndf6 14. f3 Nxd2 15.
Bxd2 Nh5 16. e4 Ng7 17. e5 Be7 18. f4 g4 19. Kf2 Be6 20. Rh1 Qb6 21. Be3 Rac8
22. Rac1 Rc7 23. h3 h5 24. hxg4 hxg4 25. Nh4 Bxh4 26. Rxh4 Rcc8 27. Rch1 Qd8
28. Qc5 b6 29. Rh8+ Kf7 30. Rxf8+ Qxf8 31. Qxb6 Qd8 32. Qc5 Qc7 33. Bd2 a4 34.
Bb4 Rb8 35. Rh6 Kg8 36. Qc2 Bd7 37. Bd6 Qb6 38. Bxb8 Qxd4+ 39. Kg2 Qe3 40. Qe2
1-0

[Event "11.offene Senioren SH 2017"]
[Site "Büsum"]
[Date "2017.09.09"]
[Round "2.57"]
[White "Scholz, Herbert"]
[Black "Cordsen, Heinrich"]
[Result "1/2-1/2"]
[WhiteElo "1873"]
[BlackElo "1722"]
[PlyCount "46"]
[EventDate "2017.??.??"]
[WhiteTeam "PSV Neustadt"]
[BlackTeam "SK Union Oldenburg"]

1. b3 d5 2. e3 c5 3. Bb2 Bf5 4. Nf3 e6 5. h3 Nf6 6. g4 Bg6 7. Ne5 Nbd7 8. Nxg6
hxg6 9. Bg2 g5 10. O-O Bd6 11. d3 Qc7 12. Nd2 Bh2+ 13. Kh1 Be5 14. d4 cxd4 15.
Bxd4 Bxd4 16. exd4 Qf4 17. f3 Qxd4 18. c4 Ne5 19. Ne4 Qd3 20. Nxf6+ gxf6 21.
cxd5 exd5 22. Qxd3 Nxd3 23. Rad1 Nf4 1/2-1/2

[Event "11.offene Senioren SH 2017"]
[Site "Büsum"]
[Date "2017.09.09"]
[Round "2.58"]
[White "Decho, Wilhelm"]
[Black "Blosze, Winfried"]
[Result "0-1"]
[WhiteElo "1750"]
[BlackElo "1871"]
[PlyCount "37"]
[EventDate "2017.??.??"]
[WhiteTeam "Vereinslos"]
[BlackTeam "SV Großauheim"]

1. d4 Nf6 2. c4 g6 3. Nc3 d5 4. Nf3 Bg7 5. e3 O-O 6. Be2 dxc4 7. Bxc4 c5 8. O-O
a6 9. dxc5 Qa5 10. Qc2 Qxc5 11. Bd3 Nc6 12. a3 Bg4 13. Be2 Nd5 14. Bd2 Nxc3 15.
Bxc3 Rac8 16. Qb3 Bxc3 17. Qxc3 Qxc3 18. bxc3 Na5 19. Rfc1 0-1